| 000 | 00588nam a2200205 4500 | ||
|---|---|---|---|
| 001 | 126014 | ||
| 003 | ES-MaACL | ||
| 005 | 20230906192733.0 | ||
| 007 | t| | ||
| 008 | 070214s1970 sp r ||||1| spa d | ||
| 100 | 1 |
_aReich, Wilhelm. _995949 |
|
| 245 | 1 | 0 |
_aReich habla de Freud / _ctraducción: José Cano Tembleque. |
| 260 |
_aBarcelona : _bAnagrama, _c1970. |
||
| 300 |
_a274 p. ; _c20 cm. |
||
| 490 | 1 |
_aArgumentos ; _v11 |
|
| 700 | 1 |
_aCano Tembleque, José. _934572 |
|
| 830 | 0 |
_aArgumentos ; _v11 _9178418 |
|
| 852 |
_aES-MaACL _jC-44262 _bR.74401 |
||
| 999 |
_c126014 _d126014 |
||